10 ideas clave. Educación emocional

Spremljeno u:
Bibliografski detalji
Glavni autor: Bisquerra Alzina, Rafael (Autor)
Format: Knjiga
Jezik:španjolski
Izdano: Barcelona, España. Graó, 2016
Izdanje:1a. edición
Serija:Colección Ideas Clave, 26
Teme:
Oznake: Dodaj oznaku
Bez oznaka, Budi prvi tko označuje ovaj zapis!

MARC

LEADER 00000cam a2200000 a 4500
001 UCD7034
003 CL-VaPUC
005 20211026122819.0
008 170303e20160600sp |||||||||||||||||spa|d
999 |c 367201  |d 367199 
020 |a 9788499807133 
040 |c Pontificia Universidad Católica de Valparaíso 
082 0 4 |a 370.154 BIS 2016  |2 21 
100 0 |a Bisquerra Alzina, Rafael  |e author  |9 590981 
245 1 0 |a 10 ideas clave.  |b Educación emocional 
250 |a 1a. edición  
260 |a Barcelona, España.  |b Graó,   |c 2016 
300 |a 217 páginas  
490 0 |a Colección Ideas Clave,   |v  26 
583 |a last modification  |c 20170912 12:26:08  |k Rodrigo Vera 
650 0 |a Métodos de enseñanza  |9 270413 
650 0 |a Inteligencia emocional  |2 CL-VaPUC  |9 430453 
650 0 |a Empatía  |9 439101 
650 0 |a Emociones   |9 265224 
942 |c BK  |2 ddc 
945 |d 20170303 17:35:00  |a arojas 
952 |0 0  |1 0  |3 erb  |4 0  |6 370_154000000000000_BIS_2016  |7 0  |8 A  |9 481899  |a BIBHIS  |b BIBHIS  |i 5362415  |l 1  |o 370.154 BIS 2016  |p 5362415  |r 2025-01-20  |s 2023-03-22  |w 2019-11-24  |y BK  |z Catalogado en:20170303  |k HIS 
952 |0 0  |1 0  |2 ddc  |4 0  |6 370_154000000000000_BIS_2016  |7 0  |8 A  |9 579029  |a BIBHIS  |b BIBHIS  |d 2021-10-26  |e 52  |g 17563.18  |i 558941K  |l 2  |m 4  |o 370.154 BIS 2016  |p 558941K  |r 2025-01-20  |s 2023-08-16  |t 2  |v 17563.18  |w 2021-10-26  |y BK  |k HIS